[Event "Young Stars of the World-2006"]
[Site "Kirishi RUS"]
[Date "2006.05.19"]
[Round "10.3"]
[White "Popov, Ivan"]
[Black "Nepomniachtchi, Ian"]
[Result "1/2-1/2"]
[WhiteElo "2482"]
[BlackElo "2506"]
[PlyCount "90"]
[EventDate "2006.05.09"]
[EventType "tourn"]
[EventRounds "9"]
[EventCountry "RUS"]
[EventCategory "5"]
[Source "lmi"]
[SourceDate "2006.05.21"]

1. e4 e6 2. d4 d5 3. exd5 exd5 4. Nf3 Nc6 5. Bb5 Bd6 6. Nc3 Nge7 7. Bg5 a6 8.
Bxc6+ bxc6 9. Ne5 Bxe5 10. dxe5 h6 11. Be3 Rb8 12. b3 O-O 13. O-O Nf5 14. Ba7
Ra8 15. Bd4 Re8 16. f4 c5 17. Bxc5 Bb7 18. Qd3 Qd7 19. Ne2 d4 20. Nxd4 Nxd4 21.
Qxd4 Qf5 22. Rad1 Re6 23. Qd3 Be4 24. Qh3 Qxh3 25. gxh3 Bxc2 26. Rd2 Bf5 27.
Rfd1 Kh7 28. Rd8 Rxd8 29. Rxd8 Bxh3 30. Kf2 Rc6 31. b4 a5 32. a3 axb4 33. axb4
Ra6 34. Rd3 Ra2+ 35. Kg1 Bf5 36. Rg3 Ra1+ 37. Kf2 Ra2+ 38. Kg1 Ra8 39. h4 h5
40. Rg5 Bg4 41. f5 Re8 42. Bd4 Rd8 43. Bc5 Rd5 44. Bf8 g6 45. e6 fxe6 1/2-1/2

[Event "Young Stars of the World-2006"]
[Site "Kirishi RUS"]
[Date "2006.05.19"]
[Round "10.5"]
[White "Narayanan, Srinath"]
[Black "Safarli, Eltaj"]
[Result "1/2-1/2"]
[WhiteElo "2170"]
[BlackElo "2417"]
[PlyCount "97"]
[EventDate "2006.05.09"]
[EventType "tourn"]
[EventRounds "9"]
[EventCountry "RUS"]
[EventCategory "5"]
[Source "lmi"]
[SourceDate "2006.05.21"]

1. e4 c5 2. Nf3 e6 3. d4 cxd4 4. Nxd4 a6 5. Bd3 Nf6 6. O-O Qc7 7. Qe2 d6 8. Nc3
b5 9. a4 b4 10. Nd1 Bb7 11. b3 Nbd7 12. f4 Nc5 13. Nf2 g6 14. Bb2 Bg7 15. Rae1
O-O 16. Nf3 Rac8 17. e5 Nd5 18. exd6 Qxd6 19. Be5 Qb6 20. Nd4 f6 21. a5 Qd8 22.
Ne4 Nc3 23. Qg4 f5 24. Nxc5 fxg4 25. Nxb7 Qe7 26. Bxa6 Bxe5 27. Rxe5 Rf6 28.
Rfe1 Qc7 29. Nxe6 Qb8 30. Nbc5 Rc6 31. Bc4 Kh8 32. Nd4 Rc8 33. Nd7 Qd6 34. Nxf6
Qxd4+ 35. Kh1 Rf8 36. Ne4 Rxf4 37. Re8+ Kg7 38. Ng5 Kh6 39. Ne6 Qf2 40. Nxf4
Qxf4 41. a6 Qd4 42. R8e7 Nd1 43. g3 Qf6 44. Rf7 Qc6+ 45. Kg1 Qc5+ 46. Kg2 Ne3+
47. Rxe3 Qxe3 48. a7 Qe4+ 49. Kg1 1/2-1/2

[Event "Young Stars of the World-2006"]
[Site "Kirishi RUS"]
[Date "2006.05.19"]
[Round "10.6"]
[White "Onischuk, Vladimir"]
[Black "Caruana, Fabiano"]
[Result "0-1"]
[WhiteElo "2388"]
[BlackElo "2421"]
[PlyCount "58"]
[EventDate "2006.05.09"]
[EventType "tourn"]
[EventRounds "9"]
[EventCountry "RUS"]
[EventCategory "5"]
[Source "lmi"]
[SourceDate "2006.05.21"]

1. e4 e6 2. d4 d5 3. Nc3 Bb4 4. e5 c5 5. a3 Bxc3+ 6. bxc3 Ne7 7. Qg4 O-O 8. Bd3
Nbc6 9. Nf3 f5 10. exf6 Rxf6 11. Bg5 e5 12. Qg3 Rxf3 13. gxf3 c4 14. Be2 Qa5
15. Bxe7 Qxc3+ 16. Kf1 Qxa1+ 17. Kg2 Qxd4 18. Bf6 g6 19. Rd1 Qc5 20. f4 Bf5 21.
fxe5 Bxc2 22. Bg4 Bxd1 23. Be6+ Kf8 24. Qh4 Bh5 25. Qf4 Ke8 26. Qh6 Nd4 27. Bh3
Qxa3 28. Qxh7 Qf3+ 29. Kg1 Ne2+ 0-1

[Event "Young Stars of the World-2006"]
[Site "Kirishi RUS"]
[Date "2006.05.20"]
[Round "11.1"]
[White "Caruana, Fabiano"]
[Black "Kulikov, Alexander"]
[Result "1-0"]
[WhiteElo "2421"]
[BlackElo "2038"]
[PlyCount "43"]
[EventDate "2006.05.09"]
[EventType "tourn"]
[EventRounds "9"]
[EventCountry "RUS"]
[EventCategory "5"]
[Source "lmi"]
[SourceDate "2006.05.21"]

1. e4 Nc6 2. Nf3 d5 3. exd5 Qxd5 4. Nc3 Qa5 5. Bb5 Bd7 6. O-O e6 7. d4 a6 8.
Bc4 Bb4 9. Bd2 Nge7 10. a3 Bxc3 11. Bxc3 Qh5 12. Re1 O-O-O 13. Bd2 Nf5 14. c3
h6 15. b4 Nd6 16. Bd3 f6 17. a4 Rde8 18. b5 Nb8 19. Bf4 axb5 20. Bxd6 cxd6 21.
axb5 Bxb5 22. Ra5 1-0

[Event "Young Stars of the World-2006"]
[Site "Kirishi RUS"]
[Date "2006.05.20"]
[Round "11.2"]
[White "Safarli, Eltaj"]
[Black "Onischuk, Vladimir"]
[Result "1/2-1/2"]
[WhiteElo "2417"]
[BlackElo "2388"]
[PlyCount "54"]
[EventDate "2006.05.09"]
[EventType "tourn"]
[EventRounds "9"]
[EventCountry "RUS"]
[EventCategory "5"]
[Source "lmi"]
[SourceDate "2006.05.21"]

1. e4 c5 2. Nf3 d6 3. d4 cxd4 4. Nxd4 Nf6 5. Nc3 a6 6. Bg5 e6 7. f4 Nbd7 8. Qf3
Qc7 9. O-O-O Be7 10. g4 b5 11. Bxf6 Nxf6 12. g5 Nd7 13. f5 Bxg5+ 14. Kb1 Ne5
15. Qh5 Qe7 16. Nxe6 Bxe6 17. fxe6 g6 18. exf7+ Kxf7 19. Qh3 Kg7 20. Nd5 Qd8
21. Be2 Rf8 22. Rdf1 Ra7 23. Qa3 Rxf1+ 24. Rxf1 Qd7 25. Qg3 Qd8 26. Qa3 Qd7 27.
Qg3 Qd8 1/2-1/2

[Event "Young Stars of the World-2006"]
[Site "Kirishi RUS"]
[Date "2006.05.20"]
[Round "11.3"]
[White "Sjugirov, Sanan"]
[Black "Narayanan, Srinath"]
[Result "1/2-1/2"]
[WhiteElo "2412"]
[BlackElo "2170"]
[PlyCount "122"]
[EventDate "2006.05.09"]
[EventType "tourn"]
[EventRounds "9"]
[EventCountry "RUS"]
[EventCategory "5"]
[Source "lmi"]
[SourceDate "2006.05.21"]

1. e4 c5 2. Nf3 d6 3. Nc3 Nf6 4. d4 cxd4 5. Nxd4 g6 6. Be3 Bg7 7. f3 O-O 8. Qd2
Nc6 9. O-O-O d5 10. Kb1 Rb8 11. Ndb5 a6 12. Na7 e6 13. Nxc8 Rxc8 14. exd5 exd5
15. Nxd5 Nxd5 16. Qxd5 Qxd5 17. Rxd5 Nb4 18. Rc5 Rce8 19. Bd2 Rd8 20. Bd3 Nxd3
21. cxd3 Rxd3 22. Kc2 Rd7 23. Bb4 Rc8 24. Rc4 Bf8 25. Ba5 Re8 26. Re1 Rxe1 27.
Bxe1 Re7 28. Kd1 Rd7+ 29. Kc2 f5 30. Rc8 Kf7 31. b3 Bd6 32. Rh8 Ke6 33. h3 Be5
34. Re8+ Re7 35. Rd8 Rd7 36. Rg8 Rg7 37. Ra8 Rc7+ 38. Kd1 Rd7+ 39. Kc2 Kd5 40.
Re8 Rc7+ 41. Kd1 Rd7 42. Bd2 Bf6 43. g4 Re7 44. Rf8 Ke6 45. Rc8 Be5 46. Bb4 Bd6
47. Ba5 Be5 48. a4 fxg4 49. fxg4 h5 50. Ke2 hxg4 51. hxg4 Bd6 52. Kd3 Rf7 53.
Re8+ Kd7 54. Rg8 Rf6 55. Bc3 Rf3+ 56. Kd2 g5 57. Kc2 Bf4 58. Bf6 Rg3 59. Rg7+
Kc6 60. Rg6 Kd5 61. Rg7 Kc6 1/2-1/2

[Event "Young Stars of the World-2006"]
[Site "Kirishi RUS"]
[Date "2006.05.20"]
[Round "11.5"]
[White "Lintchevski, Daniil"]
[Black "Popov, Ivan"]
[Result "1/2-1/2"]
[WhiteElo "2414"]
[BlackElo "2482"]
[PlyCount "29"]
[EventDate "2006.05.09"]
[EventType "tourn"]
[EventRounds "9"]
[EventCountry "RUS"]
[EventCategory "5"]
[Source "lmi"]
[SourceDate "2006.05.21"]

1. e4 c6 2. d4 d5 3. e5 Bf5 4. Nf3 e6 5. Be2 Be7 6. O-O h5 7. Nbd2 Nd7 8. c4
dxc4 9. Nxc4 Nb6 10. Qb3 Nxc4 11. Qxc4 Nh6 12. Bxh6 Rxh6 13. b4 Be4 14. b5 Qd5
15. bxc6 1/2-1/2

[Event "Young Stars of the World-2006"]
[Site "Kirishi RUS"]
[Date "2006.05.20"]
[Round "11.6"]
[White "Hovhannisyan, Robert"]
[Black "Volodin, Aleksandr"]
[Result "1-0"]
[WhiteElo "2260"]
[BlackElo "2352"]
[PlyCount "155"]
[EventDate "2006.05.09"]
[EventType "tourn"]
[EventRounds "9"]
[EventCountry "RUS"]
[EventCategory "5"]
[Source "lmi"]
[SourceDate "2006.05.21"]

1. Nf3 d6 2. d4 Nf6 3. c4 g6 4. g3 Bg7 5. Bg2 O-O 6. O-O Nc6 7. Nc3 e5 8. d5
Ne7 9. e4 Ne8 10. b4 a5 11. bxa5 f5 12. Ba3 Rxa5 13. Bb4 Ra8 14. c5 dxc5 15.
Bxc5 Nd6 16. Ng5 fxe4 17. Ncxe4 Nef5 18. Ne6 Bxe6 19. dxe6 Qe7 20. Rb1 Rfb8 21.
Nc3 c6 22. Ne4 Rd8 23. Nxd6 Nxd6 24. Bxd6 Rxd6 25. Rxb7 Qxe6 26. Bh3 Qd5 27.
Rd7 Rxd7 28. Bxd7 Kf8 29. Qg4 h5 30. Qb4+ Kg8 31. Qb7 Rd8 32. Bxc6 Qxa2 33. Qe7
Rf8 34. Be4 Qf7 35. Qg5 Qf6 36. h4 Qxg5 37. hxg5 h4 38. g4 Rd8 39. Bxg6 Bf8 40.
Re1 h3 41. Re2 Be7 42. Kh2 Bxg5 43. Kxh3 Bf4 44. Kg2 Rd2 45. Re1 Kg7 46. Bf5
Rb2 47. Kf3 Rb3+ 48. Ke4 Rb4+ 49. Kd5 Kf6 50. f3 Rd4+ 51. Kc6 Rc4+ 52. Kb5 Rc1
53. Re2 Kg5 54. Bc2 Kh4 55. Be4 Kg5 56. Ra2 Kf6 57. Ra8 Kg7 58. Ra6 Kf7 59.
Bd5+ Kg7 60. Ra7+ Kg6 61. Be4+ Kf6 62. Rh7 Be3 63. Rh5 Bf4 64. Rf5+ Kg7 65. Bc6
Kg6 66. Kb6 Bg3 67. Be4 Kg7 68. Rg5+ Kf6 69. Rg6+ Kf7 70. g5 Bf4 71. Rf6+ Kg7
72. Rd6 Rc8 73. Rd7+ Kg8 74. Bd5+ Kf8 75. g6 Bh6 76. Rf7+ Ke8 77. Bc6+ Kd8 78.
Rd7+ 1-0